| 000 | 01721nam0a2200385 4500 | ||
|---|---|---|---|
| 001 | RU\NLR\bibl\1065967 | ||
| 005 | 20250615042017.0 | ||
| 010 |
_a5-88200-864-6 _9500 |
||
| 021 |
_aRU _b2007-9324 _9494 |
||
| 035 | _a(nilc)RSL-KNO-003045330 | ||
| 035 | _a(NLR Aleph) 001053219 | ||
| 090 |
_a891829 _c891829 |
||
| 100 | _a20070301d2006 |||y0rusy50 ca | ||
| 101 | 0 | _arus | |
| 102 | _aRU | ||
| 105 | _aa z ||||| | ||
| 106 | _ar | ||
| 200 | 1 |
_aРусская политическая ораторика первой половины XX века _eмонография _fИ. Ю. Чистякова _gФедеральное агентство по образованию, Астраханский гос. ун-т |
|
| 210 |
_aАстрахань _cАстраханский ун-т _d2006 |
||
| 215 |
_a372 с. _cил., табл. _d20 |
||
| 320 | _aБиблиогр.: с. 353-369 (278 назв.) | ||
| 606 | 1 |
_aРиторика политическая _yРоссийская Федерация _92363820 _3RU\NLR\auth\661411361 |
|
| 610 | 0 | _aФилологические науки. Художественная литература -- Ораторское искусство -- История ораторского искусства -- История ораторского искусства в новое время | |
| 610 | 0 | _aрусское ораторское искусство | |
| 686 |
_aШ735,0 _2rubbk |
||
| 686 | _aШ78 | ||
| 700 | 1 |
_aЧистякова _bИ. Ю. _gИрина Юрьевна _4070 |
|
| 801 | 0 |
_aRU _bРКП _c20070301 _grcr |
|
| 801 | 1 |
_aRU _bРГБ _c20070301 |
|
| 801 | 2 |
_aRU _bNLR _c20070329 _grcr |
|
| 942 | _cBOOK | ||
| 980 | _aNB | ||
| 980 | _aNBR | ||